| 000 | 00822nam a22002657a 4500 | ||
|---|---|---|---|
| 005 | 20250618115756.0 | ||
| 008 | 240304b ||||| |||| 00| 0 eng d | ||
| 020 | _a9789352027293 | ||
| 040 | _cAL | ||
| 041 | _aEnglish | ||
| 082 |
_a510.2465 _bRANT |
||
| 100 |
_aG K Ranganath and others _9215324 |
||
| 245 | _aText book of business mathematics | ||
| 260 |
_aMumbai _bHimalaya Publishing House _c2022 |
||
| 300 |
_a331 p. _bPB _c21.6x13.8 cm. |
||
| 365 |
_a7776 _b₹260.00 _c₹ _d₹325.00 _e20% _f16-02-2024 |
||
| 650 |
_aFirst Year B Com _9152718 |
||
| 650 |
_aNumber System _9152719 |
||
| 650 |
_aMatrices and Determinants _9152720 |
||
| 650 |
_aRatio and Proportion _9152721 |
||
| 650 |
_aAnalytical Geometry _9152722 |
||
| 700 |
_aSampangiram,C S _9152724 |
||
| 700 |
_aRajaram,Y _9152725 |
||
| 942 |
_2ddc _cBK |
||
| 999 |
_c230001 _d230001 |
||